00827nam a2200193 a 450000500170000000800410001702000180005805000230007624500620009926000350016130000170019644000380021350000200025152001960027165000110046765000220047899900190050095201140051920140412111311.0010326s19uu xx 00 eng d a0-7835-1301-1 aREF 170bC54Mi v.2 aMimi the selfish kitten :ba book about sharing our toys. aAsia :bTime Life Asia,c1997. a29 p. ; ill. aA Child's First Library of Values aw/ casette tape aMimi the kitten is selfish and doesn't like sharing her toys. When her friends run off to play without her, Mimi is left alone. She soon finds out that being selfish is not much fun . . . aValues aSharing - Fiction c104018d104018 001040aELbELcREFd2001-03-26eLib. Fundl0oREF 170 C54Mi v.2pE6274r2014-04-12 00:00:00w2014-04-12yBK